000 00369nam a2200145Ia 4500
008 230917s9999||||xx |||||||||||||| ||und||
040 _e11566
_aMAIN
041 _aEnglish
082 _a301.045 A67M
100 _aAron, Raymond
245 0 _aMain currents in sociological thought. 2V
260 _aLondon
_bPenguin Books
_c1988
300 _a270 p. ; 282
942 _cBK
999 _c63723
_d63723